000 00436nam a2200181Ia 4500
001 11386
005 20260306162824.0
008 260306t2019||||xx |||||||||||||| ||spa||
041 _aESP
082 _a985.04
_bK71
100 _aKoechlin Febres, Eric,
_eAUT
245 0 _aGuía del proceso emancipador (1780-1866)
260 _c2019
300 _a240 páginas :
_c
650 _aGEN
654 _aCHU
942 _cLIB
_dJUS
_fJUS
_2ddc
_n
999 _c11386
_d11386